Versions of Nathaniel Richards by Picture (Marvel Quiz) - Statistics

General Stats
  • This quiz has been taken 17 times
  • The average score is 5 of 6
Answer Stats
Picture Answer % Correct
Kang the Conqueror
100%
Immortus
87%
Iron Lad
87%
Rama-Tut
80%
Scarlet Centurion
60%
Mister Gryphon
47%
No matching quizzes found
Score Distribution
Percent of People with Each Score
Percentile by Number Answered
Your Score History
You have not taken this quiz